000 00487nam a2200181Ia 4500
005 20250326143112.0
008 250326s9999 xx 000 0 und d
037 _aTextbook
040 _aFMSL
_beng
_cFMSL
041 _aeng
_2eng
084 _aB28 M1
_qFMSL
100 _aGupta S C
245 0 _aFundamentals of statistics
_cGupta S C
260 _aDelhi
_bDelhi, Himalaya Puplishing House
_c1981
300 _a1362p
942 _cTB
_hB28 M1
999 _c1298106
_d1298106